000 02629cam a2200325 i 4500
001 991107415242906196
005 20250612134919.0
007 ta
008 241018t20242024enka 000 1 eng d
020 _a9781639734481
_q(hardcover)
020 _a9781526675217
_q(paperback)
035 _a(OCoLC)1461837775
_z(OCoLC)1419441093
_z(OCoLC)1460686306
_z(OCoLC)1464121500
035 _a(OCoLC)on1461837775
040 _aGCmBT
_beng
_erda
_erda
_cJQR
_dJQR
_dIK2
_dOCLCO
_dOCLCQ
_dWC4
_dMTG
_dOCLCO
_dJTH
_dYU6
_dWZW
_dOCLCO
_dFTB
_dYDX
_dBDX
_dGK8
_dLMJ
_dSDG
_dIG#
_dSDD
_dDEERP
_dMWD
_dAUNTL
_dJNA
_dVAJ
_dSINLB
_dMNX
_dIBI
_dCaOTV
041 0 _aeng
050 1 4 _aPR6103.L375
_bW66 2024
100 _aClarke, Susanna,
_eauthor.
_1https://id.oclc.org/worldcat/entity/E39PBJj8MBwVBRFcktKgDtkqwC
_925387
245 1 4 _aThe wood at midwinter
_c/ Susanna Clarke ; illustrated by Victoria Sawdon.
264 1 _aLondon ;
_aNew York :
_bBloomsbury Circus,
_c2024
300 _a60 pages :
_billustrations ;
_c21 cm
520 _aThe Wood at Midwinter is a haunting, fable-like novella set in the days approaching Christmas. It centres on Merowdis Scott, a peculiar and saintly 19-year‑old who possesses an uncanny ability to converse with animals and trees. One wintry afternoon, Merowdis takes her dogs—Pretty and Amandier—and her pig, Apple, for a walk in the woods. There, she encounters both a blackbird and a fox, and as dusk gathers, a mysterious presence emerges from the forest, forever altering her path waterstones.com Through her communion with the woodland—described almost as a cathedral—Merowdis expresses her longing for a child born in midwinter, who might bring light amid darkness. The forest reveals to her a vision: she cradles a bear cub, rather than a baby, understanding that a true saint must face sacrifice. The fox cryptically remarks that Merowdis now “belongs to the wood”. Her sister Ysolde returns and notices Merowdis’ disappearance and the abandoned bonnet. Merowdis eventually emerges, proclaiming that her child will come in a time of “cold and pain,” bringing joy. Yet, as she steps into the trees once more, Ysolde is left uncertain and frightened. The tale closes with a church painting depicting Merowdis in black, bearing a bear cub—a symbol of her sacrifice and holiness.
650 0 _aYoung women
_vFiction
_924099
650 0 _aComing of age
_vFiction.
650 0 _aHuman-animal relationships.
_925176
650 0 _aOutdoor life
_925388
650 0 _a Magic
_vFiction.
_924059
655 0 _aFantasy fiction.
_922510
700 _aSawdon, Victoria,
_d1972-
_eillustrator.
942 _2lcc
999 _c4717
_d4717